Deemed to satisfy? /

Saved in:
Bibliographic Details
Format: Book
Language:English
Published: Glasgow : ABACUS, Dept of Architecture, University of Strathclyde, 1979.
Series:ABACUS occasional paper ; 78
Subjects:
LEADER 00846nam a2200205ra 4500
001 c000099783
003 CARM
005 00000000000000.0
008 930809s1979 stk 00000 eng d
019 1 |a 10317251  |5 LACONCORD2021 
035 |a (OCoLC)153793449  |5 LACONCORD2021 
245 0 0 |a Deemed to satisfy? /  |c authors, ABACUS and VALTOS. 
260 |a Glasgow :  |b ABACUS, Dept of Architecture, University of Strathclyde,  |c 1979. 
300 |a [3] leaves. 
440 0 |a ABACUS occasional paper ;  |v 78 
650 0 |a Architecture and energy conservation. 
650 0 |a Buildings  |x Energy conservation  |x Simulation methods. 
852 8 |b CARM  |h A2:AK04D0  |i D02592  |p 0042746  |f BK 
999 f f |i 207ce28e-f9d7-506a-b42c-a45e15f37ebf  |s e89a8d8b-89f2-5592-b588-d4be98acadda 
952 f f |p Can circulate  |a CAVAL  |b CAVAL  |c CAVAL  |d CARM 1 Store  |e D02592  |f A2:AK04D0  |h Other scheme  |i book  |m 0042746